| 000 | 01019cam a2200277 4500 | ||
|---|---|---|---|
| 001 | J3022 | ||
| 008 | 090401t1995 xxu||||| |||| 00| 0 eng d | ||
| 035 | _a(Sirsi) u52563 | ||
| 041 | _aeng | ||
| 050 | _a692.8 | ||
| 090 | _aJCT 1995/8A | ||
| 110 |
_aJoint Contracts Tribunal _93664 |
||
| 245 | _aStandard Form of Prime Cost Contract 1992 edition ... Amendment 2 issued March 1995: construction (Design and Management) Regulations 1994 (CDM Regulations). | ||
| 260 |
_aLondon _bRIBA Publications _c1995 |
||
| 300 | _a8p. ; 30cm. | ||
| 350 | _a0.4 | ||
| 650 | _aAMENDMENT 2 | ||
| 650 | _aBUILT ENVIRONMENT-BUILDING CONTRACT FORMS | ||
| 650 | _aCONSTRUCTION (DESIGN AND MANAGEMENT) REGULATIONS 1994 | ||
| 650 | _aCONSTRUCTION (DESIGN AND MANAGEMENT) REGULATIONS 1994 | ||
| 650 | _aJCT STANDARD FORM OF PRIME COST CONTRACT 1992 | ||
| 650 | _aBUILT ENVIRONMENT-BUILDING CONTRACT FORMS-PRIME COST CONTRACT FORMS | ||
| 690 | _aBUILT ENVIRONMENT-BUILDING CONTRACT FORMS | ||
| 942 | _n0 | ||
| 948 | _c04/03/1997 | ||
| 999 |
_c93104 _d93104 |
||